MESTSKÁ KNIŽNICA GIRALTOVCE  - online katalóg 

Podnikové hospodárstvo (Record no. 23260)

000 -NÁVESTIE
fixed length control field 01459nam a2200421 a 4500
001 - EVIDENČNÉ ČÍSLO ZÁZNAMU - Kontrolné číslo
control field vtls008951029
005 - DÁTUM A ČAS POSLEDNEJ TRANSAKCIE
control field 20220615113306.0
008 - ÚDAJE S PEVNOU DĹŽKOU – VŠEOBECNÉ INFORMÁCIE
fixed length control field 160610s2007 xo dl d p 000 0 slo
020 ## - MEDZINÁRODNÉ ŠTANDARDNÉ ČÍSLO KNIHY (ISBN)
Medzinárodné štandardné číslo knihy (ISBN) 9788080781385
Qualifying information (brož.)
035 ## - Iný štandardný identifikátor
Iný štandardný identifikátor 4D3BB2BE-C380-406A-A0ED-1196B14A0334
035 ## - Iný štandardný identifikátor
Iný štandardný identifikátor urn:nbn:sk:snk-aml4fv
035 ## - Iný štandardný identifikátor
Iný štandardný identifikátor urn:nbn:sk:snk-am008wpg
040 ## - ZDROJ KATALOGIZÁCIE
Pôvodná katalogizujúca agentúra SVKPO
Jazyk katalogizácie slo
Prepisujúca agentúra SVKPO
Modifikujúca agentúra SNK
Konvencie popisu AACR2
041 0# - KÓD JAZYKA
Kód jazyka textu/zvukovej stopy alebo samostatných nápisov slo
044 ## - KÓD KRAJINY VYDAVATEĽA/PRODUCENTA
Kód krajiny MARC xo
Kód krajiny ISO SK
072 #7 - KÓD PREDMETOVEJ KATEGÓRIE
Kód predmetovej kategórie 658
Pododdiel kódu predmetovej kategórie Riadenie a správa podniku
Zdroj konspekt
080 ## - ČÍSLO MEDZINÁRODNÉHO DESATINNÉHO TRIEDENIA (MDT)
Číslo Medzinárodného desatinného triedenia (MDT) 658
Identifikátor vydania 2001
080 ## - ČÍSLO MEDZINÁRODNÉHO DESATINNÉHO TRIEDENIA (MDT)
Číslo Medzinárodného desatinného triedenia (MDT) (075.8)
Identifikátor vydania 2001
080 ## - ČÍSLO MEDZINÁRODNÉHO DESATINNÉHO TRIEDENIA (MDT)
Číslo Medzinárodného desatinného triedenia (MDT) (076.5)
Identifikátor vydania 2001
100 1# - OSOBNÉ MENÁ – VŠEOBECNÉ INFORMÁCIE
Osobné meno Majdúchová, Helena,
Dátumy súvisiace s menom 1963-
Kód roly aut
-- 3132
245 10 - NÁZOV
Názov Podnikové hospodárstvo
Zvyšok názvu praktické príklady a prípadové štúdie
Údaj o zodpovednosti atď. Helena Majdúchová a kolektív
250 ## - ÚDAJ O PORADÍ VYDANIA
Údaj o poradí vydania 1. vyd.
260 ## - VYDAVATEĽSKÉ ÚDAJE, DISTRIBÚCIA ATĎ.
Miesto publikovania, distribúcie atď. Bratislava
Názov vydavateľa, distibútora atď. Iura edition
Dátum publikovania, distribúcie atď. 2007
300 ## - FYZICKÝ POPIS
Rozsah 226 s.
Ďalšie fyzické detaily grafy, tab.
Rozmery 21 cm
490 1# - EDÍCIA
Edícia Ekonómia
Zväzok/sekvenčné označenie 203
500 ## - VŠEOBECNÁ POZNÁMKA
Formátovaná poznámka o obsahu Celkovo 3. preprac. a dopl. vyd.
650 07 - PRIDANÝ VSTUP – PREDMET – TEMATICKÉ HESLO
Tematické heslo alebo geografický názov ako vstupný prvok podniková ekonomika
Zdroj hesla alebo termínu SNKPH
-- 3133
655 #7 - INDEXAČNÝ TERMÍN – ŽÁNER/FORMA
Údaje o žánri/forme alebo termín, ktorý je prvok fazety učebnice vysokých škôl
Zdroj termínu SNKPH
-- 3091
655 #7 - INDEXAČNÝ TERMÍN – ŽÁNER/FORMA
Údaje o žánri/forme alebo termín, ktorý je prvok fazety praktické cvičenia
Zdroj termínu SNKPH
-- 3123
700 1# - PRIDANÝ VSTUP – OSOBNÉ MENO
Osobné meno Neumannová, Anna,
Dátumy súvisiace s menom 1960-
Kód roly aut
-- 3134
700 1# - PRIDANÝ VSTUP – OSOBNÉ MENO
Osobné meno Grančičová, Katarína,
Dátumy súvisiace s menom 1967-
Kód roly aut
-- 3135
700 1# - PRIDANÝ VSTUP – OSOBNÉ MENO
Osobné meno Rybárová, Daniela,
Dátumy súvisiace s menom 1967-
Kód roly aut
-- 3136
700 1# - PRIDANÝ VSTUP – OSOBNÉ MENO
Osobné meno Serina, Pavol
Kód roly aut
-- 3137
700 1# - PRIDANÝ VSTUP – OSOBNÉ MENO
Osobné meno Kováčová, Eva
Kód roly aut
-- 3138
700 1# - PRIDANÝ VSTUP – OSOBNÉ MENO
Osobné meno Jakubec, Miroslav
Kód roly aut
-- 3139
700 1# - PRIDANÝ VSTUP – OSOBNÉ MENO
Osobné meno Kardoš, Peter,
Dátumy súvisiace s menom 1978-
Kód roly aut
-- 3140
958 ## - Formálny deskriptor
Formálny deskriptor NB
Holdings
Stav stiahnutia (Blokovanie) (Withrawn status) Stav straty Zdroj klasifikácie pre skladovanie Stav poškodenia (Damaged status) Nie pre výpožičky (Not for loan) Spôsob nadobudnutia (Collection code) Trvalé umiestnenie Aktuálne umiestnenie Dátum nadobudnutia Inventárne číslo (prírastkové číslo) Full call number Čiarový kód Dátum posledného výskytu Cena s účinnosťou od Typ jednotky Koha
          Dar Mestská knižnica Giraltovce Mestská knižnica Giraltovce 2022-06-15 21593 S1520 S1520 2022-06-15 2022-06-15 Odborná literatúra pre dospelých

Powered by Koha